000 01178nam a2200265Ia 4500
001 16305
003 GE_BSU
008 181216s||||||||xx |||||||||||||| ||und||
020 _aISBN 99928-32-91-6
040 _cGE_BSU
080 _a343.61
100 _aფაფიაშვილი, შოთა
245 _aმკვლელობისა და გაუპატიურების გამოძიებისა და გახსნის მეთოდიკის პრობლემები
245 _bთეორია და პრაქტიკა
245 _cრედ.: ვ. ბენიძე;მ.ჩიკვილაძე,მხატვ:გ.ჩიქვინიძე
260 _aთბილისი
260 _bმერიდიანი
260 _c2004
300 _a419გვ; 20სმ
300 _bრეზ. რუს. და ინგლ. ენ.. - ბიბლიოგრ. ტექსტ. შენიშვნ.
541 _h10ლ.
653 _aმკვლელობა; გაუპატიურება; გამოძიება;
653 _aსამართალი
942 _cBK
999 _c49386
_d49386